| 000 | 00595nam a2200169 i 4500 | ||
|---|---|---|---|
| 001 | 134367 | ||
| 003 | ES-MaACL | ||
| 005 | 20230906194647.0 | ||
| 007 | t| | ||
| 008 | 070910s1978 sp ||||1| spa d | ||
| 100 | 1 |
_aWattenberg García, Eloisa. _9116208 |
|
| 245 | 1 | 0 |
_aTipología de cerámica celtibérica en el valle inferior del Pisuerga _b: (yacimientos de Tariego, Soto de Medinilla y Simancas). |
| 260 |
_aValladolid : _b[Museo Arqueológico], _c1978. |
||
| 300 |
_a79 p. : _bil. ; _c25 cm. |
||
| 710 | 2 |
_aMuseo Arqueológico de Valladolid. _95825 |
|
| 852 |
_aES-MaACL _jA-9927 _bR.99263 |
||
| 999 |
_c134367 _d134367 |
||